000 00365nam a2200157 a 4500
005 20140414131924.0
008 101026s19uu xx 00 eng d
050 _aER
_bC46 2001
100 _aSpurgeon, Maureen
245 _aChristmas on the farm.
260 _aEngland :
_bBrown Watson,
_c2001.
440 _a
650 _a
650 _a
999 _c111901
_d111901